[Event "Reykjavik Open 2017"]
[Site "Reykjavik ISL"]
[Date "2017.04.20"]
[Round "3.95"]
[White "Finnsson,Johann Arnar"]
[Black "Zemlicka,V"]
[Result "0-1"]
[WhiteElo "1655"]
[BlackElo "1984"]

1.c4 Nf6 2.Nc3 g6 3.g3 Bg7 4.Bg2 d6 5.e4 c5 6.Nge2 Nc6 7.d3 O-O 8.O-O Ne8
9.Be3 Nc7 10.Qd2 Ne6 11.Bh6 Ned4 12.Bxg7 Kxg7 13.Nxd4 Nxd4 14.Ne2 Nxe2+
15.Qxe2 e5 16.a3 a5 17.f4 f6 18.Rab1 Qc7 19.b4 axb4 20.axb4 cxb4 21.Qd2 Qc5+
22.Kh1 Ra4 23.Rb3 Bd7 24.Rfb1 Rfa8 25.Bf1 Bc6 26.Rxb4 Rxb4 27.Qxb4 Qxb4
28.Rxb4 f5 29.fxe5 dxe5 30.c5 fxe4 31.dxe4 Ra5 32.Rc4 Ra1 33.Kg2 Rxf1 {#R} 0-1

[Event "Reykjavik Open 2017"]
[Site "Reykjavik ISL"]
[Date "2017.04.20"]
[Round "3.97"]
[White "Kvamme,Ingrid Jodre"]
[Black "Green,Per"]
[Result "0-1"]
[WhiteElo "1444"]
[BlackElo "1966"]

1.Nf3 c5 2.g3 b6 3.Bg2 Bb7 4.c4 Nf6 5.O-O g6 6.Nc3 Bg7 7.d3 O-O 8.Bd2 Nc6
9.Rb1 Nd4 10.e3 Nxf3+ 11.Bxf3 Bxf3 12.Qxf3 d6 13.Nd5 Nd7 14.Bc3 Ne5 15.Qe2 e6
16.Nf4 Rc8 17.Rbc1 Qd7 18.d4 cxd4 19.Bxd4 Qc6 20.Bxe5 dxe5 21.Nd3 e4 22.Nb4
Qc5 23.a3 a5 24.Na2 Rfd8 25.Qc2 Rd3 26.Rfd1 Rcd8 27.Rxd3 Rxd3 28.b4 Qc7
29.bxa5 bxa5 30.Qa4 Bb2 31.Rb1 Bxa3 32.Rb5 Bf8 33.Rxa5 Ra3 34.Qxa3 Bxa3
35.Rxa3 Qxc4 36.Kg2 Kg7 37.Ra5 h6 38.h3 f5 39.Kh2 Qf1 {#R} 0-1

[Event "Reykjavik Open 2017"]
[Site "Reykjavik ISL"]
[Date "2017.04.20"]
[Round "3.98"]
[White "Valtysson,T"]
[Black "Thorarensen,A"]
[Result "1-0"]
[WhiteElo "1955"]
[BlackElo "1686"]

1.d4 d5 2.Nf3 Nf6 3.Bg5 c5 4.e3 Qb6 5.Qc1 Ne4 6.Bf4 Nc6 7.c3 Bf5 8.Nbd2 h6
9.h3 e6 10.Be2 Rc8 11.O-O cxd4 12.Nxd4 Bh7 13.Nxc6 bxc6 14.Nxe4 Bxe4 15.Qd2
Be7 16.b4 O-O 17.Bd3 Bxd3 18.Qxd3 c5 19.a3 Bf6 20.Rac1 Rfd8 21.Rfd1 a5 22.Qb1
c4 23.Qc2 axb4 24.axb4 Ra8 25.Ra1 Ra6 26.Bc7 Qb5 27.Bxd8 Bxd8 28.Rxa6 Qxa6
29.Qb2 Bf6 30.Ra1 Qb7 31.b5 e5 32.b6 d4 33.exd4 exd4 34.cxd4 c3 35.Qxc3 Qxb6
36.Rd1 Qd6 37.Qc5 Qd7 38.d5 Qa4 39.Qc8+ Kh7 40.Qf5+ {#r} 1-0

[Event "Reykjavik Open 2017"]
[Site "Reykjavik ISL"]
[Date "2017.04.20"]
[Round "3.99"]
[White "Murray,Ji"]
[Black "Hrafnsson,Hreinn"]
[Result "1-0"]
[WhiteElo "1896"]
[BlackElo "1621"]

1.e4 c5 2.Nf3 e6 3.d4 cxd4 4.Nxd4 Nc6 5.Be3 a6 6.a4 Nf6 7.Nd2 Be7 8.Be2 O-O
9.O-O Qc7 10.f4 Nxd4 11.Bxd4 Bc5 12.Bxc5 Qxc5+ 13.Kh1 b6 14.Bd3 Bb7 15.Qe2 Qh5
16.Qxh5 Nxh5 17.Nc4 b5 18.Nb6 Rad8 19.axb5 axb5 20.Bxb5 Bxe4 21.Nxd7 Rxd7
22.Bxd7 Rd8 23.Ra7 Nf6 24.Rc7 Ng4 25.Rc8 Rxc8 26.Bxc8 Ne3 27.Re1 Ng4 28.h3 Nf6
29.c4 Bd3 30.Rd1 Ne4 31.Kg1 {#r} 1-0

[Event "Reykjavik Open 2017"]
[Site "Reykjavik ISL"]
[Date "2017.04.20"]
[Round "3.101"]
[White "Davidsdottir,Nansy"]
[Black "Jonasson,Hordur"]
[Result "1-0"]
[WhiteElo "1864"]
[BlackElo "1513"]

1.e4 c6 2.d4 d5 3.exd5 cxd5 4.Bd3 Nc6 5.c3 Nf6 6.Bf4 Bg4 7.f3 Bh5 8.Qb3 Qd7
9.Ne2 e6 10.O-O Bg6 11.Qc2 Bxd3 12.Qxd3 Bd6 13.Bxd6 Qxd6 14.Nd2 O-O 15.f4 Ne7
16.Ng3 g6 17.Rae1 Nf5 18.Kh1 Kg7 19.Ne2 h5 20.Ng1 Rh8 21.Nh3 a6 22.Ng5 Rae8
23.Nb3 Nd7 24.Qe2 b5 25.Kg1 Qc7 26.Nf3 Nd6 27.Ne5 Ne4 28.Nd2 Nxd2 29.Qxd2 Nxe5
30.fxe5 Qe7 31.Rf6 Ref8 32.Qg5 h4 33.Rxg6+ {#r} 1-0

[Event "Reykjavik Open 2017"]
[Site "Reykjavik ISL"]
[Date "2017.04.20"]
[Round "3.102"]
[White "Wecker,Martin"]
[Black "Njardarson,Daniel Ernir"]
[Result "1-0"]
[WhiteElo "2134"]
[BlackElo "1378"]

1.Nf3 Nf6 2.c4 e6 3.g3 c5 4.Bg2 Be7 5.O-O O-O 6.Nc3 d6 7.d4 Nc6 8.d5 exd5
9.cxd5 Ne5 10.Nxe5 dxe5 11.Qc2 Ne8 12.e4 f5 13.exf5 Bxf5 14.Qe2 Bf6 15.Be3 Rc8
16.Rac1 Nd6 17.Nb5 Qb6 18.Nxd6 Qxd6 19.Rfd1 a6 20.a4 Rfd8 21.Qc4 Rc7 22.Bxc5
Rdc8 23.Bxd6 Rxc4 24.Rxc4 Rxc4 25.a5 Rd4 26.Rxd4 exd4 27.Bb4 Bc2 28.d6 d3
29.Bd5+ Kh8 30.Bxb7 Bxb2 31.d7 Bf6 32.Bxa6 Ba4 33.Bxd3 Bxd7 34.Bc5 Bc6 35.a6
Bf3 36.a7 g6 37.Bf1 {#r} 1-0

[Event "Reykjavik Open 2017"]
[Site "Reykjavik ISL"]
[Date "2017.04.20"]
[Round "3.104"]
[White "Scheele,Marcus"]
[Black "Apol,Luitjen Akselsson"]
[Result "1-0"]
[WhiteElo "2030"]
[BlackElo "1561"]

1.e4 c5 2.Nc3 d6 3.f4 Nc6 4.Nf3 Nf6 5.Bb5 Bd7 6.Bc4 e6 7.d3 Be7 8.O-O O-O 9.a3
a6 10.e5 Ne8 11.Ba2 d5 12.Ne2 Rc8 13.c3 b5 14.Be3 a5 15.Qe1 b4 16.Qf2 Qb6
17.axb4 axb4 18.Bb1 f5 19.h3 Nc7 20.g4 fxg4 21.hxg4 bxc3 22.bxc3 Ra8 23.Rxa8
Rxa8 24.Qh2 g6 25.Kf2 Kg7 26.Rh1 Rh8 27.Qh6+ Kg8 28.d4 Be8 29.f5 Bf8 30.Qh4
Bg7 31.Bh6 Bxh6 32.Qxh6 Nb5 33.fxg6 {#r} 1-0

[Event "Reykjavik Open 2017"]
[Site "Reykjavik ISL"]
[Date "2017.04.20"]
[Round "3.108"]
[White "Halldorsson,Hj"]
[Black "Smith,Chris P"]
[Result "1-0"]
[WhiteElo "1776"]
[BlackElo "1504"]

1.e4 d6 2.d4 Nf6 3.Nc3 g6 4.Bg5 Bg7 5.e5 dxe5 6.dxe5 Qxd1+ 7.Rxd1 Ng4 8.h3
Nxe5 9.Nd5 O-O 10.Nxc7 Nbc6 11.Nxa8 Bf5 12.Nc7 Bxc2 13.Rd2 Bb1 14.f4 f6 15.Bh4
Nf7 16.Ne6 Rc8 17.Nxg7 Kxg7 18.Bc4 Nd6 19.Be6 Rc7 20.Nf3 Ne4 21.Rd1 Bc2 22.Rc1
Nb4 23.O-O Nd3 24.Bb3 {#r} 1-0

[Event "Reykjavik Open 2017"]
[Site "Reykjavik ISL"]
[Date "2017.04.20"]
[Round "3.111"]
[White "Holm,Fridgeir K"]
[Black "Thorsteinsdottir,Svava"]
[Result "1-0"]
[WhiteElo "1726"]
[BlackElo "1358"]

1.e4 c5 2.Nf3 d6 3.d4 cxd4 4.Nxd4 Nf6 5.Nc3 e6 6.Bg5 Be7 7.Ndb5 a6 8.Bxf6 gxf6
9.Nd4 Nc6 10.Be2 Bf8 11.Qd2 Qc7 12.O-O-O b5 13.Nxc6 Qxc6 14.Bf3 Qd7 15.e5 d5
16.exf6 h5 17.Qe2 Bh6+ 18.Kb1 Kf8 19.Nxd5 exd5 20.Rxd5 Qc7 21.Re5 Bb7 22.Re7
Bxf3 23.Qxf3 Qc8 24.Qd5 Rh7 25.Qe4 Kg8 26.Re1 Qf8 27.Qc6 {#r} 1-0

[Event "Reykjavik Open 2017"]
[Site "Reykjavik ISL"]
[Date "2017.04.20"]
[Round "3.112"]
[White "Gudmarsson,Olafur"]
[Black "Fjallheim,Benjamin Reinert"]
[Result "1-0"]
[WhiteElo "1721"]
[BlackElo "1322"]

1.d4 Nf6 2.Nf3 g6 3.c4 Bg7 4.Nc3 O-O 5.e4 d6 6.Be2 e5 7.dxe5 dxe5 8.Qxd8 Rxd8
9.Bg5 Re8 10.Rd1 Be6 11.O-O h6 12.Bxf6 Bxf6 13.Rd2 Na6 14.Rfd1 b6 15.a3 Rec8
16.b4 c5 17.Nd5 Bxd5 18.cxd5 c4 19.d6 b5 20.Rd5 Rab8 21.Nxe5 Bxe5 22.Rxe5 Rd8
23.Red5 h5 24.f4 Rd7 25.g4 hxg4 26.Bxg4 Rdb7 27.f5 gxf5 28.Rxf5 Rd8 29.Rdd5
Rb6 30.Rg5+ Kf8 31.e5 c3 32.Bd1 Rc6 33.Bc2 Nc7 34.Rc5 Rxc5 35.bxc5 Ne6 36.Rh5
Kg7 37.c6 Rc8 38.c7 Nc5 39.Rh7+ Kg8 40.Rh3 Nd7 41.Rxc3 Nxe5 42.Bf5 {#r} 1-0

[Event "Reykjavik Open 2017"]
[Site "Reykjavik ISL"]
[Date "2017.04.20"]
[Round "3.113"]
[White "Lemery,Jon Thor"]
[Black "Arnason,Saemundur"]
[Result "1-0"]
[WhiteElo "1708"]
[BlackElo "1232"]

1.e4 e5 2.Nf3 Nc6 3.Bb5 a6 4.Ba4 b5 5.Bb3 Nf6 6.O-O Bc5 7.Re1 O-O 8.c3 d6 9.h3
h6 10.d4 exd4 11.cxd4 Bb6 12.Nc3 Re8 13.d5 Na5 14.Bc2 Nc4 15.Nb1 Bd7 16.Nbd2
Nxd2 17.Bxd2 Qc8 18.Bc3 Qd8 19.Qd3 g6 20.Rad1 a5 21.Nd4 b4 22.Bd2 h5 23.Bg5
Kg7 24.Qf3 Bxd4 25.Rxd4 Re5 26.Qf4 Nxd5 27.Rxd5 Qxg5 28.Qxg5 Rxg5 29.Rxg5 Re8
30.Rxa5 f6 31.Ba4 Bxa4 32.Rxa4 c5 33.Ra7+ Kf8 34.Rd1 Re6 35.Ra6 Rxe4 36.Rdxd6
Re1+ 37.Kh2 Ke7 38.Rdb6 Kf8 39.Rxf6+ Ke8 40.Rxg6 Kf8 41.Rgb6 {#r} 1-0

[Event "Reykjavik Open 2017"]
[Site "Reykjavik ISL"]
[Date "2017.04.20"]
[Round "3.116"]
[White "Gunnarsson,Baltasar Mani Wedhol"]
[Black "Fjallheim,Elmar Reinert"]
[Result "0-1"]
[WhiteElo "1230"]
[BlackElo "1691"]

1.e4 e6 2.Nc3 d5 3.exd5 exd5 4.d4 g6 5.Nf3 Bg7 6.Be2 Nf6 7.O-O O-O 8.Bg5 c6
9.Re1 Qc7 10.Bxf6 Bxf6 11.Qd2 Bg4 12.Ng5 Bxe2 13.Nxe2 Nd7 14.g3 Rae8 15.Nf3
Kg7 16.c3 h6 17.Nf4 Re4 18.Ng2 Rfe8 19.h3 g5 20.g4 R8e6 21.b4 a6 22.a4 Be7
23.Re3 Nb6 24.Qd3 Nc4 25.Ree1 Bd6 26.Ra2 Qe7 27.Raa1 Qf6 28.Ra2 Qg6 29.a5 h5
30.gxh5 Qxh5 31.Rxe4 dxe4 32.Qxc4 exf3 33.d5 Qxh3 34.Qd4+ Rf6 35.Ne3 Qh2+
36.Kf1 Qh1# 0-1

[Event "Reykjavik Open 2017"]
[Site "Reykjavik ISL"]
[Date "2017.04.20"]
[Round "3.117"]
[White "Einarsson,Oskar Long"]
[Black "Kristofersson,Sindri Snaer"]
[Result "1-0"]
[WhiteElo "1681"]
[BlackElo "1197"]

1.e4 c5 2.Nf3 e6 3.d4 cxd4 4.Nxd4 Nc6 5.Nc3 Qc7 6.Ndb5 Qb8 7.Be3 a6 8.Nd4 Nf6
9.a3 Be7 10.Be2 O-O 11.O-O b5 12.f4 Nxd4 13.Bxd4 Bb7 14.Bd3 Qc7 15.Qf3 Rac8
16.Qh3 h6 17.Rae1 Kh8 18.Kh1 d5 19.exd5 Nxd5 20.Qxh6+ Kg8 21.Qxg7# 1-0

[Event "Reykjavik Open 2017"]
[Site "Reykjavik ISL"]
[Date "2017.04.20"]
[Round "3.119"]
[White "Steingrimsson,Karl Egill"]
[Black "Thorisson,Bjartur"]
[Result "1-0"]
[WhiteElo "1664"]
[BlackElo "1071"]

1.Nf3 d5 2.d4 Nc6 3.Nc3 Nf6 4.g3 Bf5 5.a3 e6 6.Bg2 Bd6 7.O-O O-O 8.e3 Qe7
9.Nh4 Bg4 10.f3 Bf5 11.Nxf5 exf5 12.Qd3 g6 13.Bd2 a6 14.Rae1 Rfe8 15.f4 Ne4
16.Nxd5 Qd7 17.Bxe4 fxe4 18.Qb3 b5 19.Nf6+ Kh8 20.Nxd7 Rad8 21.Ne5 Bxe5
22.fxe5 Nxe5 23.dxe5 Rxd2 24.Qc3 Rd7 25.e6+ {#r} 1-0

[Event "Reykjavik Open 2017"]
[Site "Reykjavik ISL"]
[Date "2017.04.20"]
[Round "3.120"]
[White "Haile,Batel Goitom"]
[Black "Roebuck,Derek"]
[Result "0-1"]
[WhiteElo "1197"]
[BlackElo "1661"]

1.e4 e5 2.Nf3 Nc6 3.Bc4 Nf6 4.Nc3 Nxe4 5.Bxf7+ Kxf7 6.Nxe4 d5 7.Nfg5+ Kg8
8.Qh5 Qe7 9.Nc3 g6 10.Qh4 h6 11.Nf3 Qf7 12.d3 a6 13.h3 Bd6 14.a3 Bd7 15.Rg1
Ne7 16.Nh2 g5 17.Qg3 e4 18.Qe3 Nf5 19.Qe2 Bxh2 20.Rh1 Bd6 21.Bd2 exd3 22.Qxd3
Re8+ 23.Be3 d4 24.O-O-O dxe3 25.fxe3 Rxe3 26.Qd2 Bf4 27.Kb1 Bc6 28.Rhf1 Re7
29.Qd8+ Re8 30.Qd3 Ne3 31.Rxf4 Qxf4 32.Qg6+ Kf8 33.g3 Qf7 {#R} 0-1

[Event "Reykjavik Open 2017"]
[Site "Reykjavik ISL"]
[Date "2017.04.20"]
[Round "3.122"]
[White "Tan,Teck Woon"]
[Black "Thorisson,Benedikt"]
[Result "1-0"]
[WhiteElo "1636"]
[BlackElo "1057"]

1.d4 d5 2.Bf4 Nf6 3.e3 Bf5 4.Nf3 Nbd7 5.c4 e6 6.Nc3 c5 7.Be2 dxc4 8.Bxc4 a6
9.O-O b5 10.Bd3 Bg6 11.Re1 c4 12.Bf1 Nh5 13.Bg5 Nhf6 14.e4 Qc7 15.e5 Nd5
16.Nxd5 exd5 17.e6 {#r} 1-0

[Event "18th ch-EUR Indiv w 2017"]
[Site "Riga LAT"]
[Date "2017.04.20"]
[Round "9.71"]
[White "Mieze,Natalja"]
[Black "Ni Mhuireagain,Eibhia"]
[Result "0-1"]
[WhiteElo "1223"]
[BlackElo "1496"]

1.c4 e5 2.Nc3 Nf6 3.g3 g6 4.Bg2 Bg7 5.e4 d6 6.Nf3 Be6 7.b3 h6 8.O-O Qc8 9.Nd5
c6 10.Ne3 O-O 11.d4 exd4 12.Nxd4 Bh3 13.Rb1 Bxg2 14.Kxg2 Nxe4 15.Bb2 Nd7 16.f3
Nef6 17.Ne2 Re8 18.Ng4 Nxg4 19.fxg4 Ne5 20.Bxe5 dxe5 21.Nc3 e4 22.Nxe4 Rxe4
23.Qf3 Qe6 24.Rbd1 Re2+ 25.Kh3 Re3 26.Qh1 h5 27.Rf4 g5 28.Rf5 hxg4+ 29.Kg2
Qxf5 30.Rf1 Re2+ 31.Kg1 Bd4+ {#R} 0-1

[Event "18th ch-EUR Indiv w 2017"]
[Site "Riga LAT"]
[Date "2017.04.20"]
[Round "9.65"]
[White "Grapsa,G"]
[Black "Maklakova,Nellija"]
[Result "1-0"]
[WhiteElo "2049"]
[BlackElo "1829"]

1.d4 g6 2.c4 Bg7 3.g3 Nf6 4.Bg2 O-O 5.Nf3 c5 6.d5 d6 7.O-O a6 8.a4 Bf5 9.Nh4
Bg4 10.h3 Bd7 11.Nc3 Qc7 12.e4 e6 13.f4 exd5 14.cxd5 c4 15.Be3 a5 16.e5 Nh5
17.Ne4 dxe5 18.d6 Qc8 19.f5 Nf6 20.fxg6 fxg6 21.Nxf6+ Bxf6 22.Qd5+ Kg7 23.Rxf6
Rxf6 24.Qxe5 Bf5 25.Qe7+ Rf7 26.Bd4+ Kg8 27.Bd5 Qf8 28.Qf6 Qg7 29.Qxg7# 1-0

[Event "18th ch-EUR Indiv w 2017"]
[Site "Riga LAT"]
[Date "2017.04.20"]
[Round "9.70"]
[White "Vainovskaia,V"]
[Black "Golsta,Ramona"]
[Result "0-1"]
[WhiteElo "1792"]
[BlackElo "1560"]

1.d4 f5 2.Nf3 Nf6 3.e3 e6 4.Bd3 d5 5.Nbd2 Bd6 6.c4 c6 7.Qc2 Ne4 8.c5 Bc7 9.b4
a6 10.Bb2 O-O 11.a4 Bd7 12.Nb3 Be8 13.O-O Bh5 14.Ne5 Rf6 15.f3 Ng5 16.Rae1 Rh6
17.Qf2 Nd7 18.e4 Nxe5 19.dxe5 dxe4 20.f4 Nh3+ 21.gxh3 Rg6+ 22.Kh1 Bf3+ 23.Qxf3
exf3 24.Rxf3 Qd5 25.Be2 Rd8 26.Bd4 Qe4 27.Bf2 Rd3 28.Nd4 Rxf3 29.Bxf3 Qxf4
30.Rd1 Bxe5 31.Bg3 Rxg3 32.hxg3 Qxg3 33.Rd2 Bxd4 {#R} 0-1

[Event "18th ch-EUR Indiv w 2017"]
[Site "Riga LAT"]
[Date "2017.04.20"]
[Round "9.64"]
[White "Nikolajeva,Marija"]
[Black "Erneste,I"]
[Result "1-0"]
[WhiteElo "1673"]
[BlackElo "2168"]

1.d4 d5 2.c4 e6 3.g3 Nf6 4.Bg2 Bb4+ 5.Bd2 Be7 6.Nf3 O-O 7.O-O Nbd7 8.Qc2 c6
9.Rd1 Ne4 10.Be3 Nd6 11.Nbd2 Nf6 12.Bg5 h6 13.Bxf6 Bxf6 14.e4 dxe4 15.Nxe4
Nxe4 16.Qxe4 Qb6 17.b3 c5 18.Rac1 cxd4 19.Nxd4 Be7 20.Nf3 Bc5 21.Rc2 a5 22.Ne5
a4 23.Rb1 axb3 24.Rxb3 Qc7 25.Bf3 Ra5 26.Rb5 Rd8 27.Nd3 b6 28.Nxc5 bxc5 29.Qc6
Qa7 30.Qb6 Qxb6 31.Rxb6 Ba6 32.Bc6 Rd1+ 33.Kg2 Ra1 34.a4 Re1 35.Bb5 Bxb5
36.axb5 Ra4 37.Rc6 Re5 38.b6 Rb4 39.Ra2 Rxc4 40.Rb2 Rb4 41.Rxb4 cxb4 42.b7
{#r} 1-0

[Event "18th ch-EUR Indiv w 2017"]
[Site "Riga LAT"]
[Date "2017.04.20"]
[Round "9.63"]
[White "Parhomenko,Margarita"]
[Black "Pavlidou,E"]
[Result "0-1"]
[WhiteElo "1987"]
[BlackElo "2180"]

1.d4 Nf6 2.Nf3 e6 3.Bf4 b6 4.h3 Bb7 5.e3 d5 6.Bd3 Nbd7 7.O-O Be7 8.Nbd2 Ne4
9.Bxe4 dxe4 10.Ne5 Nxe5 11.Bxe5 f6 12.Bf4 h5 13.c4 Qd7 14.Qc2 g5 15.Bh2 O-O-O
16.c5 bxc5 17.Nb3 cxd4 18.Rac1 e5 19.exd4 Bd6 20.Rfd1 exd4 21.Rxd4 Bxh2+
22.Kxh2 Qe7 23.Rc4 Rh7 24.Nc5 Qe5+ 25.Kg1 Bd5 26.Ra4 c6 27.Qe2 Kb8 28.b4 e3
29.fxe3 g4 30.h4 Ka8 31.Nd3 Qg3 32.Nf4 Qxh4 33.Nxd5 g3 34.Nb6+ Kb8 35.Qf3 Qh2+
36.Kf1 Qh1+ 37.Ke2 Qxc1 38.Qxg3+ Rc7 39.Kf3 Qd1+ 40.Kf4 a6 41.Ra3 Qd6+ 42.Kf3
{#R} 0-1

[Event "18th ch-EUR Indiv w 2017"]
[Site "Riga LAT"]
[Date "2017.04.20"]
[Round "9.69"]
[White "Ivanova,Katrina Telma"]
[Black "Zvereva,Margarita"]
[Result "0-1"]
[WhiteElo "1340"]
[BlackElo "1771"]

1.e4 c5 2.Nf3 d6 3.d4 cxd4 4.Nxd4 Nf6 5.Nc3 a6 6.g3 e5 7.Nf3 Be7 8.Bg2 Nbd7
9.O-O b5 10.a3 Bb7 11.Re1 Nc5 12.Nd2 Ne6 13.Nf3 O-O 14.Nd5 Rb8 15.Nxe7+ Qxe7
16.Nd2 Qc7 17.c3 Nc5 18.Re3 d5 19.exd5 Nxd5 20.Re2 Rfd8 21.Qc2 Nf6 22.b4 Bxg2
23.Kxg2 Nd3 24.h3 Rbc8 25.Re3 Qxc3 26.Qxc3 Rxc3 27.Ne4 Nxe4 28.Rxe4 Nxc1
29.Rxe5 g6 30.Re7 Rc2 31.Kf3 Rd3+ 32.Kf4 Rc4+ 33.Ke5 Rc2 34.f4 Re3+ 35.Kf6
Rc6+ 36.Kg5 Rxe7 37.Rb1 Re3 38.g4 Rxh3 39.Rb2 f6# 0-1

[Event "18th ch-EUR Indiv w 2017"]
[Site "Riga LAT"]
[Date "2017.04.20"]
[Round "9.62"]
[White "Limanovska,Elizabete"]
[Black "Movileanu,Daniela"]
[Result "0-1"]
[WhiteElo "1990"]
[BlackElo "2213"]

1.e4 c5 2.Nf3 d6 3.Bb5+ Nd7 4.c4 Nf6 5.Nc3 g6 6.d4 cxd4 7.Nxd4 Bg7 8.O-O O-O
9.Bxd7 Bxd7 10.b3 a6 11.a4 Rc8 12.Re1 Re8 13.Bb2 Qa5 14.Qd3 Ng4 15.Nd5 e6
16.b4 Qd8 17.Ne3 Ne5 18.Qb3 Qh4 19.f3 Bh6 20.g3 Qh5 21.f4 Ng4 22.Nf3 Nxe3
23.Rxe3 e5 24.Rd3 Be6 25.Rxd6 Bxc4 26.Qd1 Bf8 27.Rd7 Be6 28.Rxb7 Red8 29.Qe2
exf4 30.gxf4 Qg4+ 31.Kh1 Bc4 32.Qf2 Qxf4 33.Re1 Rd3 34.Rf1 Qxe4 35.Ra7 Bd5
36.Kg2 Rxf3 {#R} 0-1

[Event "ch-RUS Junior 2017"]
[Site "Loo RUS"]
[Date "2017.04.20"]
[Round "1.3"]
[White "Paravyan,D"]
[Black "Zakhartsov,Vl"]
[Result "1-0"]
[WhiteElo "2534"]
[BlackElo "2470"]

1.d4 Nf6 2.c4 e6 3.Nc3 Bb4 4.Qc2 O-O 5.e4 c5 6.a3 Bxc3+ 7.bxc3 d6 8.e5 Nfd7
9.exd6 e5 10.Nf3 e4 11.Ng5 Re8 12.Be3 Qa5 13.Qd2 h6 14.Nh3 Qb6 15.dxc5 Nxc5
16.Nf4 Nba6 17.Be2 Rd8 18.Rd1 Bd7 19.Nh5 Ba4 20.Qd4 Ne6 21.Qxe4 Nac5 22.Bxc5
Qxc5 23.Rd5 Qxa3 24.O-O Qxc3 25.Bd3 g6 26.Re5 Ng5 27.Nf6+ Kg7 28.Qe3 Kxf6
29.f4 Ne6 30.f5 Ng5 31.fxg6+ Kg7 32.gxf7 Nh7 33.f8=Q+ Nxf8 34.Re7+ {#r} 1-0

[Event "ch-RUS Junior Girls 2017"]
[Site "Loo RUS"]
[Date "2017.04.20"]
[Round "1.1"]
[White "Styazhkina,A"]
[Black "Chernyak,Viktoria"]
[Result "0-1"]
[WhiteElo "2222"]
[BlackElo "2241"]

1.e4 e6 2.d4 d5 3.Nd2 c5 4.dxc5 Nf6 5.exd5 Qxd5 6.Ngf3 Bxc5 7.Bc4 Qc6 8.Qe2
O-O 9.O-O b6 10.Nb3 Bb7 11.Nxc5 Qxc5 12.Ne5 Nc6 13.Nxc6 Qxc6 14.f3 Rfd8 15.Kh1
Rac8 16.b3 Nd5 17.Bb2 Qc7 18.Rad1 h6 19.a4 Qe7 20.f4 Qh4 21.Rd3 Nxf4 22.Qe5
Qg5 23.Rg3 Bxg2+ 24.Kg1 Qxe5 25.Bxe5 Bxf1 26.Rxg7+ Kf8 27.Kxf1 Rd1+ 28.Kf2 Ng6
29.Bf6 Rd2+ 30.Kg3 Rxc2 31.Rh7 Rc6 32.h4 R2xc4 33.bxc4 e5 34.Bd8 Ke8 35.h5
Kxd8 36.hxg6 Rxg6+ 37.Kf3 Ke7 {#R} 0-1

[Event "ch-RUS Junior Girls 2017"]
[Site "Loo RUS"]
[Date "2017.04.20"]
[Round "1.4"]
[White "Bykova,Anastasia"]
[Black "Rodionova,Daria"]
[Result "1-0"]
[WhiteElo "2241"]
[BlackElo "2164"]

1.d4 Nf6 2.Nf3 g6 3.g3 Bg7 4.Bg2 d5 5.O-O O-O 6.c4 dxc4 7.Ne5 Nbd7 8.Nxc4 c5
9.Nc3 Nb6 10.Nxb6 axb6 11.dxc5 bxc5 12.Qxd8 Rxd8 13.Be3 c4 14.Bc5 Bf8 15.Rfd1
Rd7 16.a3 e5 17.Bxf8 Kxf8 18.Rxd7 Nxd7 19.Rd1 Rb8 20.Nb5 Nc5 21.Rd8+ Ke7
22.Rh8 Ne6 23.Rxh7 Bd7 24.Nc3 Ng5 25.Rh4 b5 26.f4 exf4 27.Rxf4 Bh3 28.Rd4 Bxg2
29.Kxg2 Ne6 30.Rd5 Nc7 31.Rd4 Ne6 32.Rd1 Nc5 33.Rd5 Na4 34.Rxb5 Rxb5 35.Nxb5
Kd7 36.Nc3 Nxb2 37.Kf3 Kd6 38.Ke3 {#r} 1-0

[Event "ch-VIE 2017"]
[Site "Hanoi VIE"]
[Date "2017.04.20"]
[Round "6.4"]
[White "Nguyen Van Huy"]
[Black "Pham Chuong"]
[Result "1-0"]
[WhiteElo "2430"]
[BlackElo "2385"]

1.d4 d5 2.Nf3 Nf6 3.c4 e6 4.g3 Be7 5.Bg2 O-O 6.O-O dxc4 7.Qc2 a6 8.a4 Bd7
9.Rd1 Bc6 10.Bg5 Nbd7 11.Nbd2 h6 12.Bxf6 Nxf6 13.Nxc4 Be4 14.Qc3 Rc8 15.Nfe5
Bxg2 16.Kxg2 Qe8 17.Qb3 Rb8 18.Rac1 b5 19.axb5 Rxb5 20.Qf3 Bd6 21.Nd3 Rd5
22.e4 Rxd4 23.e5 Ne4 24.exd6 cxd6 25.Qe3 e5 26.f3 Ng5 27.Nf2 d5 28.Nxe5 Rxd1
29.Nxd1 f6 30.Nd3 Qd7 31.Nf4 Re8 32.Qd3 Kh8 33.Nf2 {#r} 1-0

[Event "ch-VIE 2017"]
[Site "Hanoi VIE"]
[Date "2017.04.20"]
[Round "6.9"]
[White "Pham,X"]
[Black "Doan Van Duc"]
[Result "0-1"]
[WhiteElo "2157"]
[BlackElo "2142"]

1.d4 Nf6 2.c4 d6 3.Nf3 g6 4.Nc3 Bg7 5.e4 O-O 6.Be2 e5 7.O-O Nc6 8.d5 Ne7 9.Ne1
Ne8 10.Nd3 f5 11.f3 f4 12.Bd2 g5 13.c5 Rf7 14.Rc1 Ng6 15.b4 Bf8 16.a4 Rg7
17.Nb5 h5 18.Nf2 a6 19.Na3 Nf6 20.cxd6 Bxd6 21.Nc4 g4 22.fxg4 hxg4 23.Nxd6
cxd6 24.g3 fxg3 25.hxg3 Nh5 26.Rc3 Ngf4 27.Re1 Nxg3 28.Rxg3 Qh4 29.Qb3 Bd7
30.Bf1 Rf8 31.Ree3 Rh7 32.Bg2 Qh2+ 33.Kf1 Nh3 34.Ref3 Qg1+ 35.Ke2 Nf4+ 36.Bxf4
exf4 37.Qc3 fxg3 38.Rxf8+ Kxf8 39.Qf6+ Ke8 40.Qg6+ Rf7 41.Qg8+ Rf8 {#R} 0-1

[Event "ch-VIE 2017"]
[Site "Hanoi VIE"]
[Date "2017.04.20"]
[Round "6.13"]
[White "Lu Chan Hung"]
[Black "Duong The Anh"]
[Result "0-1"]
[WhiteElo "2197"]
[BlackElo "2335"]

1.d4 e6 2.Nf3 Nf6 3.Bf4 c5 4.e3 Nc6 5.c3 Be7 6.Nbd2 Nh5 7.Bg3 Nxg3 8.hxg3 d5
9.Bd3 h6 10.g4 cxd4 11.cxd4 Bd7 12.a3 Bf6 13.Qb3 Na5 14.Qa2 b5 15.Rc1 Nc4
16.Nb3 Rc8 17.Nc5 Rxc5 18.dxc5 Nxb2 19.Qb3 Nc4 20.g5 Bxg5 21.Nd4 a6 22.c6 Bc8
23.O-O O-O 24.Rfd1 Qc7 25.a4 bxa4 26.Qb4 Be7 27.Qc3 Ne5 28.Bb1 a3 29.e4 Bg5
30.Rc2 dxe4 31.Qxa3 Ng4 32.g3 e5 33.Ne2 Be7 34.Qb3 Qa7 35.Nc3 e3 36.Nd5 exf2+
37.Kg2 Be6 38.Nxe7+ Qxe7 39.Qf3 e4 40.Qc3 Qg5 41.Re2 Qh5 42.Rxe4 Qh2+ 43.Kf3
Qg1 {#R} 0-1

[Event "ch-VIE 2017"]
[Site "Hanoi VIE"]
[Date "2017.04.20"]
[Round "6.14"]
[White "Vu,Quang Quyen"]
[Black "Le Huu Thai"]
[Result "0-1"]
[WhiteElo "2020"]
[BlackElo "2223"]

1.e4 e5 2.Nf3 Nc6 3.Bb5 Nf6 4.O-O Nxe4 5.d4 Nd6 6.Bxc6 dxc6 7.dxe5 Nf5 8.Qe2
Nd4 9.Nxd4 Qxd4 10.Rd1 Qg4 11.f3 Qg6 12.Be3 Be7 13.Nc3 O-O 14.Qf2 Re8 15.Rd2
b6 16.Ne2 f6 17.exf6 Bxf6 18.c3 c5 19.Nf4 Qf7 20.a4 Be5 21.g3 Bb7 22.a5 Bc6
23.Rad1 Ba4 24.Re1 Bb3 25.Nd3 Bd6 26.Kg2 Bd5 27.Bf4 Rxe1 28.Qxe1 g5 29.Ne5 Qe6
30.Bxg5 Bxe5 31.Re2 Qf5 32.Rxe5 Qxf3+ 33.Kh3 Qg2+ 34.Kg4 Bf3+ 35.Kf4 Bh5
36.Ke3 Rf8 37.Kd3 Bg6+ 38.Kc4 Qc6 39.Be7 Qa4+ 40.b4 a6 41.Qe2 Rf3 {#R} 0-1

[Event "ch-VIE 2017"]
[Site "Hanoi VIE"]
[Date "2017.04.20"]
[Round "6.15"]
[White "Tran Ngoc Lan"]
[Black "Nguyen Huu Hoang Anh"]
[Result "1-0"]
[WhiteElo "2307"]
[BlackElo "2036"]

1.d4 f5 2.Nf3 Nf6 3.g3 g6 4.Bg2 Bg7 5.O-O O-O 6.b3 d6 7.Bb2 Qe8 8.Nbd2 Ng4
9.h3 Nh6 10.e4 f4 11.g4 e5 12.dxe5 dxe5 13.Ba3 Be6 14.Bxf8 Bxf8 15.c3 Nf7
16.Qe2 Nc6 17.Rad1 Be7 18.Kh2 Kg7 19.b4 h5 20.gxh5 g5 21.Rg1 Nh6 22.Bf1 g4
23.b5 Na5 24.Nxe5 Bd6 25.Ndc4 Nxc4 26.Nxc4 Bc5 27.hxg4 Kh8 28.Ne5 Nxg4+
29.Nxg4 Qxh5+ 30.Bh3 f3 31.Qxf3 Rf8 32.Rd8 Bd6+ 33.e5 Bxe5+ 34.Nxe5 Qxe5+
35.Qg3 {#r} 1-0

[Event "ch-VIE 2017"]
[Site "Hanoi VIE"]
[Date "2017.04.20"]
[Round "6.16"]
[White "Le,Minh Tu"]
[Black "Duong,Thu"]
[Result "1-0"]
[WhiteElo "1934"]
[BlackElo "2048"]

1.e4 g6 2.d4 Bg7 3.Nc3 a6 4.a4 d6 5.Be3 b6 6.Nf3 Nf6 7.h3 O-O 8.e5 Nfd7 9.exd6
exd6 10.Qd2 Bb7 11.Be2 Re8 12.O-O Nf8 13.Bh6 Bh8 14.Rfe1 Nc6 15.Bc4 Na5 16.Bd5
c6 17.Ba2 Rxe1+ 18.Rxe1 d5 19.Ng5 Bc8 20.Qf4 f6 21.Qf3 Bb7 22.Bxf8 Qxf8
23.Nxd5 fxg5 24.Nc7+ {#r} 1-0